00656 2200229 4500001002100000005001500021035002000036007000300056008004100059020001600100082001000116084001600126100002100142245010300163260003200266300003400298650002500332700001700357520003000374990001100404990001100415INLIS00000000000460420191216093020 a0010-1219000056ta191216 g 0 ind  a602663421-5 a616.7 a616.7 MUH m0 aMUHAMMAD, Ridwan1 aMengenal, Mencegah, Mengatasi Sillent Killer, "Hipertensi" /cMuhammad Ridwan; editor, Shabira Ika aYogyakarta :bRomawi,c2017 ax, 171 hlm. :bilus. ;c20 cm 4aPENYAKIT. HIPERTENSI0 aSHABIRA, Ika aBibliografi: hlm. 163-171 a7276 a a7276 b